Catálogo público

Normal view MARC view

Entry Nombre personal

Number of records used in: 1

001 - NÚMERO DE CONTROL

  • campo de control: 182436

003 - IDENTIFICADOR DEL NÚMERO DE CONTROL

  • campo de control: OSt

005 - FECHA Y HORA DE LA ÚLTIMA TRANSACCIÓN

  • campo de control: 20220601075350.0

008 - DATOS DE LONGITUD FIJA

  • campo de control de longitud fija: 220601|| aca||aabn | a|a d

040 ## - FUENTE DE LA CATALOGACIÓN

  • Centro catalogador/agencia de origen: OSt
  • Centro/agencia transcriptor: OSt

100 ## - ENCABEZAMIENTO-NOMBRE DE PERSONA

  • Nombre de persona: Meza Ortega, Juan, coaut. \ Jimenez Merino, Alberto, director \ Améndola Massiotti, Ricardo, asesor \ Herrera Gallegos, Rogelio, asesorÌ

670 ## - FUENTE DE DATOS ENCONTRADOS

  • Cita de la fuente: Work cat.: (OSt)215174: García Bañuelos, Norberto 45747, Estudio de la asociación avena (Avena sativa L.) veza común (Vicia sativa L:), como alternativa para producir forraje en invierno / Norberto García Bañuelos y Juan Meza Ortega